| 000 | 00404nam a2200169 4500 | ||
|---|---|---|---|
| 005 | 20260211123344.0 | ||
| 008 | cuc123 | ||
| 020 | _a9780749448318 | ||
| 050 |
_aHF 5549.17 ARM _b1 |
||
| 100 | _aARMSTRONG, Michael | ||
| 245 | _aA Handbook of human resource management practice | ||
| 250 | _a10th | ||
| 260 |
_aLondon _b Kogan Page _c2006c |
||
| 300 | _axvi,978p | ||
| 500 | _aindex, | ||
| 942 |
_2lcc _cBK _n0 |
||
| 999 |
_c8677 _d8677 |
||